<?xml version="1.0" encoding="UTF-8"?>
<record
    xmlns:xsi="http://www.w3.org/2001/XMLSchema-instance"
    xsi:schemaLocation="http://www.loc.gov/MARC21/slim http://www.loc.gov/standards/marcxml/schema/MARC21slim.xsd"
    xmlns="http://www.loc.gov/MARC21/slim">

  <leader>00352nam a22001337a 4500</leader>
  <controlfield tag="003">OSt</controlfield>
  <controlfield tag="005">20240605123925.0</controlfield>
  <controlfield tag="008">201021b           ||||| |||| 00| 0 eng d</controlfield>
  <datafield tag="040" ind1=" " ind2=" ">
    <subfield code="c">Sun Microsystems, Inc. </subfield>
  </datafield>
  <datafield tag="082" ind1=" " ind2=" ">
    <subfield code="a">005.133</subfield>
  </datafield>
  <datafield tag="245" ind1=" " ind2=" ">
    <subfield code="a">Java&#x2122; Programming Languages</subfield>
    <subfield code="c">by Sun Education Services</subfield>
  </datafield>
  <datafield tag="260" ind1=" " ind2=" ">
    <subfield code="b">Sun Microsystems, Inc.</subfield>
  </datafield>
  <datafield tag="942" ind1=" " ind2=" ">
    <subfield code="2">ddc</subfield>
    <subfield code="c">BOOKS</subfield>
  </datafield>
  <datafield tag="999" ind1=" " ind2=" ">
    <subfield code="c">144</subfield>
    <subfield code="d">144</subfield>
  </datafield>
  <datafield tag="952" ind1=" " ind2=" ">
    <subfield code="0">0</subfield>
    <subfield code="1">0</subfield>
    <subfield code="2">ddc</subfield>
    <subfield code="4">0</subfield>
    <subfield code="7">0</subfield>
    <subfield code="a">1</subfield>
    <subfield code="b">1</subfield>
    <subfield code="d">2020-10-21</subfield>
    <subfield code="i">G166</subfield>
    <subfield code="l">0</subfield>
    <subfield code="o">005.133 Sun 2000</subfield>
    <subfield code="p">G166</subfield>
    <subfield code="r">2020-10-21 00:00:00</subfield>
    <subfield code="w">2020-10-21</subfield>
    <subfield code="y">BOOKS</subfield>
  </datafield>
  <datafield tag="952" ind1=" " ind2=" ">
    <subfield code="0">0</subfield>
    <subfield code="1">0</subfield>
    <subfield code="2">ddc</subfield>
    <subfield code="4">0</subfield>
    <subfield code="7">0</subfield>
    <subfield code="a">1</subfield>
    <subfield code="b">1</subfield>
    <subfield code="d">2020-10-21</subfield>
    <subfield code="i">G167</subfield>
    <subfield code="l">0</subfield>
    <subfield code="o">005.133 Sun 2000</subfield>
    <subfield code="p">G167</subfield>
    <subfield code="r">2020-10-21 00:00:00</subfield>
    <subfield code="w">2020-10-21</subfield>
    <subfield code="y">BOOKS</subfield>
  </datafield>
  <datafield tag="952" ind1=" " ind2=" ">
    <subfield code="0">0</subfield>
    <subfield code="1">0</subfield>
    <subfield code="2">ddc</subfield>
    <subfield code="4">0</subfield>
    <subfield code="7">0</subfield>
    <subfield code="a">1</subfield>
    <subfield code="b">1</subfield>
    <subfield code="d">2020-10-21</subfield>
    <subfield code="i">G168</subfield>
    <subfield code="l">0</subfield>
    <subfield code="o">005.133 Sun 2000</subfield>
    <subfield code="p">G168</subfield>
    <subfield code="r">2020-10-21 00:00:00</subfield>
    <subfield code="w">2020-10-21</subfield>
    <subfield code="y">BOOKS</subfield>
  </datafield>
  <datafield tag="952" ind1=" " ind2=" ">
    <subfield code="0">0</subfield>
    <subfield code="1">0</subfield>
    <subfield code="2">ddc</subfield>
    <subfield code="4">0</subfield>
    <subfield code="7">0</subfield>
    <subfield code="a">1</subfield>
    <subfield code="b">1</subfield>
    <subfield code="d">2020-10-21</subfield>
    <subfield code="i">G169</subfield>
    <subfield code="l">0</subfield>
    <subfield code="o">005.133 Sun 2003</subfield>
    <subfield code="p">G169</subfield>
    <subfield code="r">2020-10-21 00:00:00</subfield>
    <subfield code="w">2020-10-21</subfield>
    <subfield code="y">BOOKS</subfield>
  </datafield>
  <datafield tag="952" ind1=" " ind2=" ">
    <subfield code="0">0</subfield>
    <subfield code="1">0</subfield>
    <subfield code="2">ddc</subfield>
    <subfield code="4">0</subfield>
    <subfield code="7">0</subfield>
    <subfield code="a">1</subfield>
    <subfield code="b">1</subfield>
    <subfield code="d">2020-10-21</subfield>
    <subfield code="i">G165</subfield>
    <subfield code="l">0</subfield>
    <subfield code="o">005.133 Sun 2003</subfield>
    <subfield code="p">G165</subfield>
    <subfield code="r">2020-10-21 00:00:00</subfield>
    <subfield code="w">2020-10-21</subfield>
    <subfield code="y">BOOKS</subfield>
  </datafield>
  <datafield tag="952" ind1=" " ind2=" ">
    <subfield code="0">0</subfield>
    <subfield code="1">0</subfield>
    <subfield code="2">ddc</subfield>
    <subfield code="4">0</subfield>
    <subfield code="7">0</subfield>
    <subfield code="a">1</subfield>
    <subfield code="b">1</subfield>
    <subfield code="d">2020-10-21</subfield>
    <subfield code="i">G164</subfield>
    <subfield code="l">0</subfield>
    <subfield code="o">005.133 Sun 2003</subfield>
    <subfield code="p">G164</subfield>
    <subfield code="r">2020-10-21 00:00:00</subfield>
    <subfield code="w">2020-10-21</subfield>
    <subfield code="y">BOOKS</subfield>
  </datafield>
</record>
